[Event "Elista"]
[Site "Elista"]
[Date "2008.01.08"]
[Round "8"]
[White "Shovunov, Baatr"]
[Black "Begjanian, Hrajr"]
[Result "0-1"]
[WhiteElo "2341"]
[BlackElo "2101"]
[PlyCount "124"]
[EventDate "2008.01.03"]
[EventType "tourn"]
[EventRounds "11"]
[EventCountry "RUS"]
[SourceTitle "CBM 122 Extra"]
[Source "ChessBase"]
[SourceDate "2008.03.04"]
[SourceVersion "1"]
[SourceVersionDate "2008.03.04"]
[SourceQuality "1"]

1. e4 e6 2. d4 d5 3. e5 c5 4. Qg4 Qc7 5. Nf3 f5 6. Qg3 Nc6 7. Bd3 Bd7 8. 0-0 0-0-0 9. c3 c4 10. Be2 h6 11. h4 Be8 12. b3 Na5 13. Nfd2 Ne7 14. Ba3 f4 15. Qxf4 Nf5 16. h5 g5 17. Qh2 Kb8 18. Bxf8 Rxf8 19. bxc4 dxc4 20. Na3 Bc6 21. Rab1 Nh4 22. f3 Nf5 23. Rfe1 Ne3 24. Bf1 Nd5 25. Ne4 Rf4 26. Nxc4 Nxc4 27. Bxc4 Rh4 28. Qg3 Nf4 29. Nc5 Qf7 30. Red1 Ka8 31. Bf1 Qxh5 32. c4 Rh1+ 33. Kf2 Qg6 34. Rb2 b6 35. Na6 Qh7 36. Nb4 Bb7 37. Rbd2 Qc7 38. Nc2 a6 39. Ne3 Ka7 40. Be2 Rh4 41. Ke1 Nh5 42. Qf2 Rh1+ 43. Nf1 Qe7 44. a4 Qb4 45. Qe3 Nf4 46. Kf2 Qxa4 47. Qc3 Qc6 48. Ng3 Rh2 49. Bf1 g4 50. Kg1 Rh4 51. Qe3 gxf3 52. d5 exd5 53. Nf5 Rg4 54. Qxf3 Qc5+ 55. Rd4 Rdg8 56. Ne3 Nh3+ 57. Qxh3 Rxd4 58. Rxd4 Qxd4 59. cxd5 Qxe5 60. Qe6 Re8 61. Qxe5 Rxe5 62. d6 Bc6 0-1

[Event "Bashanta Spring"]
[Site "Bashanta "]
[Date "2007.??.??"]
[Round "2"]
[White "Erendzhenov, Stanislav"]
[Black "Begjanian, Hrajr"]
[Result "1-0"]
[WhiteElo "2405"]
[BlackElo "2146"]
[PlyCount "107"]
[EventDate "2007.03.21"]
[EventType "tourn"]
[EventRounds "9"]
[EventCountry "RUS"]
[SourceTitle "EXT 2008"]
[Source "ChessBase"]
[SourceDate "2007.11.25"]
[SourceVersion "1"]
[SourceVersionDate "2007.11.25"]
[SourceQuality "1"]

1. d4 Nf6 2. c4 g6 3. Nc3 Bg7 4. e4 d6 5. f3 0-0 6. Be3 e5 7. d5 c6 8. Qd2 cxd5 9. cxd5 a6 10. Nge2 Nbd7 11. g4 Qa5 12. Nc1 b5 13. Nb3 Qd8 14. 0-0-0 Bb7 15. Kb1 Rc8 16. a4 b4 17. Na2 Nc5 18. Qxb4 Bxd5 19. Nxc5 dxc5 20. Qd2 Bxa2+ 21. Kxa2 Qe8 22. Qa5 Qe6+ 23. Kb1 c4 24. Rc1 Nxe4 25. Be2 Nd6 26. Rhd1 e4 27. Bd4 exf3 28. Bxf3 Bxd4 29. Rxd4 Qf6 30. Qd5 Rfd8 31. g5 Qf5+ 32. Qxf5 Nxf5 33. Rxd8+ Rxd8 34. Rxc4 Rd3 35. Be4 Rd4 36. Rc8+ Kg7 37. Bxf5 gxf5 38. b3 Rd2 39. Rc6 f4 40. Rxa6 f3 41. Rf6 f2 42. a5 h6 43. h4 Rd3 44. Kc2 hxg5 45. hxg5 Rg3 46. Rxf2 Rg4 47. Kc3 Rxg5 48. b4 Rg3+ 49. Kc4 Rg4+ 50. Kc5 Rg5+ 51. Kc6 Rg6+ 52. Kc7 Rg4 53. Rb2 f5 54. a6 1-0